| 000 | 00756cam a2200229 a 4500 | ||
|---|---|---|---|
| 001 | 000010097 | ||
| 005 | 20200929161836.0 | ||
| 008 | 050815s2004 pr a 000 0 spa | ||
| 020 | _a0865815828 | ||
| 040 |
_aDO-SdBNP _cDLC _dBNPHU |
||
| 082 |
_ann _bC961 |
||
| 110 | 1 |
_aCuarzo Blanco, Inc. _925082 |
|
| 245 | 1 | 0 |
_aSerie teatro de cámara / _cCuarzo Blanco, Inc. |
| 260 |
_aSan Juan, (Puerto Rico) : _bInstituto de Cultura Puertorriqueña, _cc2004. |
||
| 300 |
_avi, 271 p. : _bil. ; _c21 cm. |
||
| 490 | 1 | _aInstituto de Cultura Puertorriqueña | |
| 650 | 4 |
_aTeatro puertorriqueño _94514 |
|
| 650 | 4 |
_aLiteratura puertorriqueña _9250 |
|
| 830 | 0 |
_aInstituto de Cultura Puertorriqueña _93375 |
|
| 910 | _aCatalogación por copia / LC | ||
| 049 | _aBNGR | ||
| 999 |
_c9856 _d9856 |
||